• 首页
  • 本馆介绍
  • 公告通知
  • 最新文献
  • 馆藏检索
  • 电子资源
  • 读者导购
  • 参考咨询
  • 我的图书馆
  • 登录
  • 详细信息显示
  • 放入我的书架
  • 预约/预借图书
  • 作者相关作品
  • 分类相关作品
  • 丛书相关作品
  • 出版社相关作品

书目信息

  • 表格格式
  • 工作单格式
  • 卡片格式
题名:
激光3D打印在生物制造中的应用
    
 
作者: 帅词俊 著
分册:  
出版信息: 西安   西安交通大学出版社  2018.2
页数: 368页
开本: 26cm
丛书名:
单 册:
中图分类: Q81 , TS853
科图分类:
主题词: 立体印刷--印刷术--应用--生物材料
电子资源:
ISBN: 978-7-5693-0444-2
000 01104nam0 2200229 450
001 667
005 20180924093106.32
010    @a978-7-5693-0444-2@dCNY148.00
100    @a20180216d2018 em y0chiy0110 ea
101 0  @achi
102    @aCN@b610000
105    @ay z 000yy
200 1  @a激光3D打印在生物制造中的应用@9ji guang 3 D da yin zai sheng wu zhi zao zhong de ying yong@f帅词俊等著
210    @a西安@c西安交通大学出版社@d2018.2
215    @a368页@d26cm
330    @a本书通过分析生物陶瓷、高分子、医用金属等材料的理化特性、3D打印成形和生物力学性能,总结了不同类型生物材料作为体内植入物的优缺点,并针对性提出了低维纳米材料、氧化物、合金化和液相烧结等手段来改善其性能,形成了第二相增强生物材料的3D打印技术。随后探索了多类型生物材料的3D打印工艺,研究了打印过程中不同类型生物材料间的界面相互作用及其性能形成机制,系统总结了3D打印工艺、材料组分配比、成型工艺参数等对生物材料成形能力与功能特性的影响规律。
606 0  @a立体印刷@x印刷术@x应用@x生物材料
690    @aQ81@v5
690    @aTS853@v5
701  0 @a帅词俊@9shuai ci jun deng@4著
801  0 @aCN@b91CIP@c20180216
905    @aMuseLib@dQ81@e226
    
    激光3D打印在生物制造中的应用/帅词俊等著.-西安:西安交通大学出版社,2018.2
    368页;26cm
    
    
    ISBN 978-7-5693-0444-2:CNY148.00
    本书通过分析生物陶瓷、高分子、医用金属等材料的理化特性、3D打印成形和生物力学性能,总结了不同类型生物材料作为体内植入物的优缺点,并针对性提出了低维纳米材料、氧化物、合金化和液相烧结等手段来改善其性能,形成了第二相增强生物材料的3D打印技术。随后探索了多类型生物材料的3D打印工艺,研究了打印过程中不同类型生物材料间的界面相互作用及其性能形成机制,系统总结了3D打印工艺、材料组分配比、成型工艺参数等对生物材料成形能力与功能特性的影响规律。
●
相关链接 在E读中查询图书 在五车中查询图书 在当当中查询图书 在豆瓣中查询图书


正题名:激光3D打印在生物制造中的应用     索取号:Q81/226         预约/预借

序号 登录号 条形码 馆藏地/架位号 状态 备注
1 1120112   211201126   第二样本阅览室/ [索取号:Q81/226] 在馆    
2 1120113   211201135   密集书库-生命科学系/ [索取号:Q81/226] 在馆    
3 1120114   211201144   第三借阅区/ [索取号:Q81/226] 在馆    
唐山师范学院图书馆 欢迎您!
大连网信软件有限公司© 版权所有